|
|
|
|
| LEADER |
01064nam a2200301 a 4500 |
| 001 |
1688600 |
| 008 |
090726s1999 nyu 000 1 eng d |
| 010 |
|
|
|a 99205954
|
| 020 |
|
|
|a 1853262102
|
| 020 |
|
|
|a 0140282165
|
| 040 |
|
|
|a OOxM
|c OOxM
|d DLC
|
| 082 |
0 |
0 |
|a 813/.52
|2 21
|
| 100 |
1 |
|
|a Wharton, Edith,
|d 1862-1937.
|
| 245 |
1 |
4 |
|a The age of innocence /
|c Edith Wharton.
|
| 250 |
|
|
|a complete and unabridged ed.
|
| 260 |
|
|
|a Hertfordshire :
|b Wordsworth,
|c 1999.
|
| 300 |
|
|
|a xiv, 234 p. ;
|c 20 cm.
|
| 490 |
0 |
|
|a Wordworth Classics.
|
| 541 |
1 |
|
|e 00015850
|
| 650 |
|
0 |
|a Triangles (Interpersonal relations)
|v Fiction.
|
| 650 |
|
0 |
|a Separated people
|v Fiction.
|
| 650 |
|
0 |
|a Upper class
|v Fiction.
|
| 651 |
|
0 |
|a New York (N.Y.)
|v Fiction.
|
| 655 |
|
7 |
|a Domestic fiction.
|2 lcsh
|
| 655 |
|
7 |
|a Love stories.
|2 gsafd
|
| 852 |
4 |
|
|a Ayesha Abed Library
|j General shelf
|
| 999 |
|
|
|c 2884
|d 2884
|
| 952 |
|
|
|0 0
|1 0
|2 ddc
|4 0
|6 813_520000000000000_HUT
|7 0
|9 2658
|a BRACUL
|b BRACUL
|c GEN
|d 2009-07-30
|g 152.00
|l 12
|m 20
|o 813.52 HUT
|p 3010015850
|r 2024-11-18
|s 2024-11-12
|t 1
|v 304.00
|w 2009-07-30
|y BK
|